| 000 | 00658nam a22002413 4500 | ||
|---|---|---|---|
| 001 | 77245 | ||
| 003 | BD-RjUL | ||
| 005 | 20211209082941.0 | ||
| 008 | 200308s1848 enk 000 0 | ||
| 035 | _a(OCoLC)51373477 | ||
| 035 | _a(BD-RjUL)77470 | ||
| 040 |
_aBD-RjUL _beng _cBD-RjUL |
||
| 041 | _aeng | ||
| 082 |
_223 _a828.609 _bGOL 1848 |
||
| 100 | 1 |
_aForster, John _d1812-1876. _9240457 |
|
| 245 | 1 | 4 | _aThe life and adventures of Oliver Goldsmith. |
| 260 |
_aLond. _c1848 |
||
| 300 |
_c704 p.; _a22 cm. |
||
| 600 | 1 | 7 |
_aGoldsmith, Oliver, _d1730?-1774 _9240463 |
| 650 |
_aAuthors, Irish _9240459 |
||
| 690 | 0 | 0 |
_aBiography _9240464 |
| 942 |
_2ddc _cRAR |
||
| 999 |
_c77245 _d77245 |
||